000 00722nam a2200253 i 4500
001 C2-0311777
003 PPAK
005 20180728103545.0
008 110803s2001 nyua|||| ||||| | eng d
020 _a081440605X
040 _aPPAK
_beng
_cPPAK
_erda
082 0 4 _a658.155
_223
090 0 0 _a658.155
_bCLA
_dR
100 1 _aClark, Peter J,
_eauthor
245 1 4 _aThe value mandate :
_bmaximizing shareholder value across the corporation
264 1 _aNew York :
_bAmacom ,
_c2001
300 _axix, 331 pages :
_billustrations ;
_c24 cm
336 _2rdacontent
_atext
337 _2rdamedia
_aunmediated
338 _2rdacarrier
_avolume
650 1 0 _aCorporate profits
700 _eauthor
942 _ddc
_cB
999 _c113964
_d113964